Quiz Fêtes Romaines - Statistiques

Statistiques générales
  • Ce quiz a été pris 43 fois
  • Le résultat moyen est 2 sur 12
Statistiques - réponses
Descriptions Fêtes % Correct
Aujourd’hui en janvier, il avait pourtant lieu en mars Nouvel an Romain
85%
Ancêtre de Noël Saturnalia
43%
Fête de la forêt et des troupeaux Lupercalia
30%
Pour célébrer la nouvelle récolte vinicole Fête du vin nouveau
15%
Fête des mères Matronalia
13%
Lors de cette fête avait lieu le recensement Compitalia
10%
Passage à l’adolescence Liberalia
10%
Aussi appelée « Fête des Mânes » Parentalia
10%
Fondation de Rome Palilia
8%
On y sacrifiait un chien roux Robigalia
8%
Les portes entre le monde des vivants et celui des morts s’ouvraient Mundus patet
5%
On y échangeait des pièces Strena
5%
Aucun quiz correspondant
Distribution des résultats
% des personnes avec chaque résultat
Percentile par nombre de réponses
Votre historique - résultats
Vous n’avez pas pris ce quiz